[Event "FRA-chT"]
[Site "FRA"]
[Date "1996.??.??"]
[Round "?"]
[White "Amalric, Yves"]
[Black "Laclau, Daniel"]
[Result "1-0"]
[WhiteElo "2195"]
[BlackElo "2310"]
[PlyCount "71"]
[EventDate "1996.??.??"]
[Source "ChessBase"]

1. e4 c5 2. Nf3 e6 3. c3 Nf6 4. e5 Nd5 5. d4 cxd4 6. cxd4 b6 7. Nc3 Nxc3 8.
bxc3 Qc7 9. Bd2 Bb7 10. Bd3 d6 11. O-O Nd7 12. Re1 dxe5 13. Ng5 Bd6 14. Qb3 Be7
15. h4 Rc8 16. Qd1 Bd6 17. Ne4 Be7 18. h5 f5 19. Ng5 Qc6 20. f3 h6 21. Nh3 O-O
22. Qe2 Bh4 23. Rf1 exd4 24. cxd4 Bf6 25. Rac1 Qd6 26. Nf4 Bxd4+ 27. Kh1 Rxc1
28. Rxc1 Nc5 29. Bc4 Re8 30. Ng6 Kh7 31. Bf4 e5 32. Re1 Bc3 33. Qc2 Bxe1 34.
Qxf5 exf4 35. Nf8+ Kh8 36. Qh7# 1-0

[Event "FRA-chT"]
[Site "FRA"]
[Date "1996.??.??"]
[Round "?"]
[White "Amalric, Yves"]
[Black "Monnard, Laurent"]
[Result "1/2-1/2"]
[WhiteElo "2195"]
[BlackElo "2230"]
[PlyCount "110"]
[EventDate "1996.??.??"]
[Source "ChessBase"]

1. e4 c5 2. d3 Nc6 3. Nf3 g6 4. g3 Bg7 5. Bg2 e6 6. Qe2 d6 7. O-O Nge7 8. c3
O-O 9. Nbd2 Rb8 10. a4 a6 11. Nb3 b5 12. axb5 axb5 13. d4 c4 14. Nbd2 e5 15. d5
Na5 16. Qd1 Ra8 17. b4 cxb3 18. Nxb3 Bb7 19. Nxa5 Rxa5 20. Ba3 Qd7 21. Bb4 Rxa1
22. Qxa1 Ra8 23. Qd1 Nc8 24. Nd2 Nb6 25. Qc2 Qc7 26. Rd1 Bc8 27. Bf1 Bd7 28.
Nb3 Ra4 29. Qd2 Nc4 30. Qe1 f5 31. Bg2 Bh6 32. Bf1 Ra2 33. Ra1 Rxa1 34. Qxa1
fxe4 35. Qa8+ Kg7 36. Na5 Nb6 37. Qa6 e3 38. fxe3 Bxe3+ 39. Kg2 Nxd5 40. Bxb5
Bc8 41. Qxd6 Qxd6 42. Bxd6 e4 43. Bc6 Nf6 44. Be5 Bf5 45. Nc4 Bc5 46. Nd6 Bxd6
47. Bxd6 Ng4 48. Bc5 h5 49. Bd5 Kf6 50. Bd4+ Ke7 51. Ba8 e3 52. Bf3 Bd3 53.
Bxg4 hxg4 54. Bxe3 Be4+ 55. Kf2 Kd6 1/2-1/2

[Event "FRA-chT"]
[Site "FRA"]
[Date "1996.??.??"]
[Round "?"]
[White "Andreenko, Pierre"]
[Black "Boudre, Jean Pierre"]
[Result "0-1"]
[WhiteElo "2180"]
[BlackElo "2400"]
[PlyCount "138"]
[EventDate "1996.??.??"]
[Source "ChessBase"]

1. e4 e5 2. Nf3 Nc6 3. Bc4 Nf6 4. d3 Be7 5. Nc3 d6 6. h3 Na5 7. Bb3 Nxb3 8.
axb3 O-O 9. O-O a6 10. Bd2 Re8 11. Re1 h6 12. b4 Bd7 13. b3 Bf8 14. Na2 Nh7 15.
c4 f5 16. Nc3 Nf6 17. Qc2 Qe7 18. Nh2 Qf7 19. Nf1 f4 20. f3 Qg6 21. Kh2 Be7 22.
Reb1 c6 23. Ra2 Rac8 24. Be1 Nh7 25. Ne2 Ng5 26. Ng1 d5 27. Qe2 Bd6 28. Rc1 Ne6
29. Qf2 Nd4 30. Rb1 Bc7 31. Ne2 Bb6 32. Nxd4 Bxd4 33. Qe2 Qd6 34. Ra5 Be6 35.
Ra4 Rcd8 36. Ra2 Qe7 37. Rd1 Rd7 38. Rc2 Red8 39. exd5 cxd5 40. c5 Bf5 41. Bc3
Bxc3 42. Rxc3 Qf6 43. Rcc1 Re7 44. Qf2 Bd7 45. Rd2 Bc6 46. Re1 Rde8 47. Kg1 Qf5
48. Qh4 Qf7 49. Nh2 h5 50. Rdd1 Qf5 51. Qf2 Re6 52. Qd2 Rg6 53. Kh1 e4 54. dxe4
dxe4 55. Rxe4 Rxe4 56. fxe4 Bxe4 57. Rg1 Qxh3 58. Qe2 Qf5 59. Nf3 Rg3 60. Rf1
h4 61. Kh2 h3 62. Nh4 Rxg2+ 63. Nxg2 hxg2 64. Rd1 Qh7+ 65. Kg1 Qh1+ 66. Kf2
Qh4+ 67. Kg1 f3 68. Qc4+ Kh7 69. Qd4 f2+ 0-1

[Event "FRA-chT"]
[Site "FRA"]
[Date "1996.??.??"]
[Round "?"]
[White "Anic, Darko"]
[Black "Coupet, Pascal"]
[Result "1-0"]
[WhiteElo "2455"]
[BlackElo "2295"]
[PlyCount "98"]
[EventDate "1996.??.??"]
[Source "ChessBase"]

1. Nf3 f5 2. d4 Nf6 3. g3 g6 4. Bg2 Bg7 5. O-O O-O 6. c4 d6 7. Nc3 Nc6 8. d5
Ne5 9. Qb3 Nxf3+ 10. exf3 e5 11. dxe6 Bxe6 12. Qxb7 Bxc4 13. Rd1 a5 14. f4 Qd7
15. b3 Ba6 16. Qf3 Ne4 17. Bb2 Rfe8 18. Rac1 Qf7 19. Rc2 Bb7 20. Qd3 Nc5 21.
Qc4 Qxc4 22. bxc4 Bxg2 23. Kxg2 Rab8 24. Ba3 Bxc3 25. Rxc3 Re2 26. Bxc5 dxc5
27. Rb3 Rb4 28. Rd7 a4 29. Rf3 Rxc4 30. a3 Rb2 31. Rxc7 Rb3 32. Re3 Re4 33.
Rxe4 fxe4 34. Rxc5 e3 35. Rc4 Rb2 36. Rxa4 Rxf2+ 37. Kg1 Ra2 38. Kf1 Rf2+ 39.
Ke1 Ra2 40. Ra7 h5 41. h4 Rg2 42. a4 Rxg3 43. Ke2 Rh3 44. a5 Rxh4 45. Kxe3 g5
46. f5 Rf4 47. a6 Rxf5 48. Rb7 Ra5 49. a7 Ra3+ 1-0

[Event "FRA-chT"]
[Site "FRA"]
[Date "1996.??.??"]
[Round "?"]
[White "Anic, Darko"]
[Black "Relange, Eloi"]
[Result "0-1"]
[WhiteElo "2455"]
[BlackElo "2450"]
[PlyCount "126"]
[EventDate "1996.??.??"]
[Source "ChessBase"]

1. Nf3 Nf6 2. c4 g6 3. g3 c5 4. Bg2 Bg7 5. O-O O-O 6. Nc3 Nc6 7. d4 cxd4 8.
Nxd4 d6 9. h3 Nxd4 10. Qxd4 Be6 11. Qh4 Rc8 12. b3 Rc5 13. Bf3 Qa5 14. Bd2 g5
15. Qd4 Bxh3 16. Rfd1 Ng4 17. Qd3 Ne5 18. Qe3 Nxf3+ 19. exf3 Re5 20. Ne4 Qb6
21. Qxb6 axb6 22. Bc3 Rf5 23. Bxg7 Kxg7 24. Kh2 g4 25. f4 b5 26. cxb5 Rxb5 27.
Rac1 Ra8 28. Rd2 Rba5 29. a4 b5 30. Rc7 bxa4 31. bxa4 Rxa4 32. Ng5 R8a7 33.
Rxa7 Rxa7 34. Nxh3 gxh3 35. Kxh3 f5 36. Kg2 Kf6 37. Kf3 Ra3+ 38. Ke2 h5 39. f3
Ra1 40. Kf2 Ke6 41. Re2+ Kd7 42. Rb2 d5 43. Rb6 e6 44. g4 hxg4 45. fxg4 fxg4
46. Kg3 Rg1+ 47. Kf2 Rd1 48. Kg3 Rd4 49. Kxg4 e5 50. Kf5 e4 51. Ke5 Rd1 52. Rb3
Rd3 53. Rb7+ Kc6 54. Rb1 e3 55. Re1 d4 56. f5 Kd7 57. f6 Rd2 58. Ra1 d3 59. f7
Ke7 60. Ra7+ Kf8 61. Kf6 Rf2+ 62. Kg6 d2 63. Rd7 Rf1 0-1

[Event "FRA-chT"]
[Site "FRA"]
[Date "1996.??.??"]
[Round "?"]
[White "Anic, Darko"]
[Black "Roos, Louis"]
[Result "1-0"]
[WhiteElo "2455"]
[BlackElo "2375"]
[PlyCount "121"]
[EventDate "1996.??.??"]
[Source "ChessBase"]

1. Nf3 c5 2. c4 Nf6 3. g3 b6 4. Bg2 Bb7 5. O-O e6 6. Nc3 Nc6 7. d4 Nxd4 8. Nxd4
Bxg2 9. Kxg2 cxd4 10. Qxd4 Be7 11. e4 O-O 12. e5 Ne8 13. Rd1 d6 14. exd6 Nxd6
15. Bf4 Nb7 16. Qe4 Qc8 17. h4 Bf6 18. Rac1 Rd8 19. Rxd8+ Nxd8 20. Nd5 Qb7 21.
Nxf6+ gxf6 22. Qxb7 Nxb7 23. Rd1 Rd8 24. Rxd8+ Nxd8 25. Bd6 Nc6 26. b4 a6 27.
b5 axb5 28. cxb5 Na5 29. Kf3 Nc4 30. Be7 f5 31. Ke2 Ne5 32. a4 Nd7 33. Kd3 f6
34. Kc4 Kf7 35. Bd8 Ke8 36. Bc7 Ke7 37. h5 Ke8 38. Kb4 Ke7 39. a5 bxa5+ 40.
Kxa5 Nc5 41. Kb6 Nb3 42. Kc6 Nd4+ 43. Kc5 Nb3+ 44. Kb4 Nc1 45. b6 Kd7 46. Bf4
Nd3+ 47. Kb5 e5 48. Be3 Kd6 49. b7 Kc7 50. Ka6 Nb4+ 51. Ka7 Nc6+ 52. Ka8 Kd6
53. b8=Q+ Nxb8 54. Kxb8 Kd5 55. Kc7 Ke4 56. Kd6 f4 57. gxf4 exf4 58. Bc5 Kf5
59. h6 Kg5 60. Ke6 Kxh6 61. Kxf6 1-0

[Event "FRA-chT"]
[Site "FRA"]
[Date "1996.??.??"]
[Round "?"]
[White "Anic, Darko"]
[Black "Sellos, Didier"]
[Result "1-0"]
[WhiteElo "2455"]
[BlackElo "2445"]
[PlyCount "146"]
[EventDate "1996.??.??"]
[Source "ChessBase"]

1. Nf3 c5 2. c4 Nf6 3. g3 b6 4. Bg2 Bb7 5. O-O e6 6. Nc3 Be7 7. d4 cxd4 8. Qxd4
d6 9. Rd1 a6 10. b3 Nc6 11. Qf4 Qc7 12. Ba3 Rd8 13. Rac1 Na7 14. e4 O-O 15. h3
Rfe8 16. Qe3 Nc8 17. e5 dxe5 18. Bxe7 Qxe7 19. Nxe5 Bxg2 20. Kxg2 Qc7 21. Ne2
Ne7 22. g4 h6 23. Nd4 Rd6 24. Rd3 Nd7 25. Nef3 Ng6 26. Rcd1 Qb7 27. Kg1 Nc5 28.
R3d2 Ne4 29. Rd3 Ng5 30. Nxg5 hxg5 31. Qxg5 Red8 32. R3d2 e5 33. Ne2 Rxd2 34.
Rxd2 Rxd2 35. Qxd2 Qf3 36. Qe3 Qc6 37. Qd3 e4 38. Qd5 Qf6 39. Qxe4 Qa1+ 40. Kh2
Qxa2 41. Qe3 Qa3 42. Kg3 Qd6+ 43. f4 Nf8 44. Nd4 g6 45. h4 Nd7 46. g5 a5 47. h5
gxh5 48. Kh4 Nf8 49. Kxh5 Qd7 50. Kh4 a4 51. bxa4 Qxa4 52. Qd3 Qa1 53. Nf3 Qc1
54. Kg3 Ne6 55. Qe4 Nf8 56. f5 Qc3 57. Qd5 Kg7 58. Kg4 Qc2 59. Qd4+ Kg8 60. Kf4
Qc1+ 61. Kg3 Qb1 62. Qd5 Kg7 63. Kf4 Qc1+ 64. Ke4 Nh7 65. Qd4+ Kg8 66. Ke5 Qf1
67. Qd5 Qg2 68. Kf4 Kg7 69. Qd4+ Kg8 70. Qxb6 Qf1 71. Qd8+ Nf8 72. Qd5 Kg7 73.
c5 f6 1-0

[Event "FRA-chT"]
[Site "FRA"]
[Date "1996.??.??"]
[Round "?"]
[White "Apicella, Manuel"]
[Black "Collas, Didier"]
[Result "1-0"]
[WhiteElo "2560"]
[BlackElo "2360"]
[PlyCount "45"]
[EventDate "1996.??.??"]
[Source "ChessBase"]

1. e4 c5 2. Nf3 e6 3. d4 cxd4 4. Nxd4 Nf6 5. Nc3 d6 6. Be3 Be7 7. f3 Nc6 8. Qd2
O-O 9. Bc4 a6 10. O-O-O Na5 11. Be2 Qc7 12. g4 Re8 13. g5 Nd7 14. g6 hxg6 15.
h4 Ne5 16. h5 Nac4 17. Bxc4 Nxc4 18. hxg6 fxg6 19. Qg2 Qb6 20. Na4 Qd8 21. Qxg6
Bf6 22. Rh7 b5 23. Rdh1 1-0

[Event "FRA-chT"]
[Site "FRA"]
[Date "1996.??.??"]
[Round "?"]
[White "Apicella, Manuel"]
[Black "Legky, Nikolay A"]
[Result "0-1"]
[WhiteElo "2560"]
[BlackElo "2540"]
[PlyCount "94"]
[EventDate "1996.??.??"]
[Source "ChessBase"]

1. e4 e6 2. d4 d5 3. Nc3 Bb4 4. e5 c5 5. a3 Bxc3+ 6. bxc3 Ne7 7. Qg4 Kf8 8. Bd3
Qa5 9. Bd2 Qa4 10. c4 Bd7 11. dxc5 Bc6 12. Ne2 Nd7 13. Nc3 Nxe5 14. Qe2 Nxd3+
15. cxd3 Qb3 16. O-O dxc4 17. dxc4 Qc2 18. Rac1 Qg6 19. f3 h5 20. Nb5 h4 21.
Bf4 Nf5 22. h3 Ng3 23. Bxg3 Qxg3 24. f4 Rh5 25. Nd6 Qg6 26. Rb1 Rxc5 27. Nxb7
Rxc4 28. f5 exf5 29. Na5 Re4 30. Qf2 Bd7 31. Rb7 Be6 32. Nc6 Qg5 33. Rxa7 Rxa7
34. Qxa7 Kg8 35. Qf2 Bc4 36. Rb1 Re2 37. Qf3 Re3 38. Qf2 Bd5 39. Nd4 Rg3 40.
Rb8+ Kh7 41. Qxf5+ Qxf5 42. Nxf5 Rxg2+ 43. Kf1 Ra2 44. Rb4 g5 45. Ra4 Be6 46.
Ra5 Kg6 47. Ne7+ Kh5 0-1

[Event "FRA-chT"]
[Site "FRA"]
[Date "1996.??.??"]
[Round "?"]
[White "Apicella, Manuel"]
[Black "Miralles, Gilles"]
[Result "1/2-1/2"]
[WhiteElo "2560"]
[BlackElo "2480"]
[PlyCount "89"]
[EventDate "1996.??.??"]
[Source "ChessBase"]

1. e4 e5 2. Nf3 Nc6 3. Bb5 a6 4. Ba4 Nf6 5. O-O Be7 6. Re1 b5 7. Bb3 d6 8. c3
O-O 9. h3 Nd7 10. d4 Bf6 11. Be3 Bb7 12. Nbd2 exd4 13. cxd4 Nb4 14. Qb1 c5 15.
a3 Nc6 16. d5 Nd4 17. Bxd4 cxd4 18. Bc2 Nc5 19. Ra2 a5 20. b4 axb4 21. axb4 Na4
22. Bxa4 bxa4 23. Nc4 Ba6 24. b5 Rb8 25. Rb2 Bc8 26. Qd3 Qc7 27. Reb1 Qc5 28.
Rb4 Bd7 29. b6 Rb7 30. e5 dxe5 31. Ncxe5 Rd8 32. Qa6 Bc8 33. Qxa4 Bf5 34. Re1
Rxb6 35. Rxb6 Qxb6 36. Nxd4 Bc8 37. Nc4 Qc5 38. d6 Rf8 39. Nb3 Qd5 40. Qb4 Be6
41. Nbd2 Rd8 42. Ne3 Qxd6 43. Qxd6 Rxd6 44. Ne4 Rd4 45. Nxf6+ 1/2-1/2

[Event "FRA-chT"]
[Site "FRA"]
[Date "1996.??.??"]
[Round "?"]
[White "Apicella, Manuel"]
[Black "Spiridonov, Nikola"]
[Result "1-0"]
[WhiteElo "2560"]
[BlackElo "2405"]
[PlyCount "87"]
[EventDate "1996.??.??"]
[Source "ChessBase"]

1. e4 Nf6 2. e5 Nd5 3. d4 d6 4. Nf3 Bg4 5. Be2 e6 6. O-O Be7 7. c4 Nb6 8. Be3
O-O 9. Nc3 Nc6 10. exd6 cxd6 11. b3 d5 12. c5 Nc8 13. b4 a6 14. Ne5 Bxe2 15.
Nxe2 Nxe5 16. dxe5 Na7 17. Qd2 a5 18. a3 Qd7 19. Nd4 Nc6 20. f4 f5 21. Nf3 Na7
22. Ra2 a4 23. Rc1 Nb5 24. Qd3 Kh8 25. Nd4 Nxd4 26. Bxd4 g5 27. b5 Qc7 28. c6
b6 29. fxg5 Bxg5 30. Rf1 Rf7 31. Rf3 Rg8 32. Qc2 Be7 33. Qf2 Bc5 34. Bxc5 bxc5
35. Qxc5 Qxe5 36. Qe3 Qd6 37. Re2 Rfg7 38. g3 Rb8 39. Qxe6 Qc5+ 40. Kg2 Qxb5
41. Rxf5 Qc5 42. Rxd5 Qxa3 43. c7 Rf8 44. c8=Q 1-0

[Event "FRA-chT"]
[Site "FRA"]
[Date "1996.??.??"]
[Round "?"]
[White "Bacrot, Etienne"]
[Black "Cruz Lopez Claret, Carlos"]
[Result "1-0"]
[WhiteElo "2470"]
[BlackElo "2295"]
[PlyCount "55"]
[EventDate "1996.??.??"]
[Source "ChessBase"]

1. d4 d5 2. c4 c6 3. Nf3 Nf6 4. e3 Bf5 5. Bd3 Bxd3 6. Qxd3 e6 7. O-O Nbd7 8.
Nc3 Be7 9. e4 dxe4 10. Nxe4 O-O 11. Be3 Qc7 12. Nc3 Rfd8 13. Rfd1 c5 14. Qe2
cxd4 15. Bxd4 b6 16. b3 Bc5 17. Nb5 Qb7 18. Bxc5 Nxc5 19. Ne5 Nce4 20. Rxd8+
Rxd8 21. Rd1 Rxd1+ 22. Qxd1 g6 23. Qd8+ Kg7 24. f3 a6 25. Nc7 Qa7 26. fxe4 b5+
27. Kf1 h5 28. Qe7 1-0

[Event "FRA-chT"]
[Site "FRA"]
[Date "1996.??.??"]
[Round "?"]
[White "Bacrot, Etienne"]
[Black "Nemety, Laslo"]
[Result "1-0"]
[WhiteElo "2470"]
[BlackElo "2170"]
[PlyCount "91"]
[EventDate "1996.??.??"]
[Source "ChessBase"]

1. d4 e6 2. c4 Ne7 3. Nc3 d5 4. Nf3 Nbc6 5. Bf4 Ng6 6. Bg3 Bb4 7. e3 O-O 8. Rc1
Nce7 9. a3 Bxc3+ 10. Rxc3 Nf5 11. Bd3 c6 12. O-O Nxg3 13. hxg3 f5 14. b4 Bd7
15. Qb3 h5 16. Rfc1 h4 17. gxh4 Nxh4 18. Ne5 Be8 19. g3 Qg5 20. Be2 f4 21. exf4
Rxf4 22. Qd1 Re4 23. f4 Rxf4 24. Bg4 Nf3+ 25. Rxf3 Rxf3 26. Bxf3 Qxg3+ 27. Kf1
a5 28. b5 cxb5 29. cxd5 b4 30. a4 Qf4 31. Rc7 b5 32. d6 bxa4 33. d7 Bxd7 34.
Rxd7 Rc8 35. Qd3 b3 36. Ng6 Rc1+ 37. Kg2 Rc2+ 38. Be2 Qg4+ 39. Kf2 Qxe2+ 40.
Qxe2 Rxe2+ 41. Kxe2 b2 42. Ne7+ Kh7 43. Rb7 a3 44. Kd3 Kh6 45. Kc2 g5 46. Rb6
1-0

[Event "FRA-chT"]
[Site "FRA"]
[Date "1996.??.??"]
[Round "?"]
[White "Bacrot, Etienne"]
[Black "Olivier, Pierre"]
[Result "1-0"]
[WhiteElo "2470"]
[BlackElo "2245"]
[PlyCount "147"]
[EventDate "1996.??.??"]
[Source "ChessBase"]

1. d4 d5 2. c4 c6 3. Nc3 dxc4 4. e4 b5 5. a4 e5 6. dxe5 Qxd1+ 7. Kxd1 b4 8. Nb1
Ba6 9. Nf3 Nd7 10. Nbd2 Nc5 11. Bxc4 Bxc4 12. Nxc4 Nxe4 13. Ke2 Bc5 14. Be3 Ne7
15. Bxc5 Nxc5 16. Nd6+ Kd7 17. Nxf7 Rhf8 18. Nd6 Nd5 19. Rhd1 Nb3 20. Rab1 h6
21. Nc4 Ke7 22. g3 Rf5 23. Nd4 Nxd4+ 24. Rxd4 g5 25. g4 Rf4 26. Rxf4 Nxf4+ 27.
Ke3 Rd8 28. Ke4 Ke6 29. h4 Nd3 30. Ke3 Nxe5 31. Nxe5 Kxe5 32. Rc1 Rd6 33. Rc5+
Kf6 34. hxg5+ hxg5 35. Rc4 Ke6 36. Re4+ Kf6 37. Rxb4 Rd5 38. Rc4 c5 39. b3 Re5+
40. Re4 Rd5 41. Re8 Rd4 42. Rf8+ Ke6 43. Rf5 Rxg4 44. Rxc5 Rb4 45. Rxg5 Rxb3+
46. Ke2 Rb2+ 47. Kf3 Rb3+ 48. Kg2 Rb7 49. Kg3 Kf6 50. Ra5 Rc7 51. f3 Rb7 52.
Kg4 Rc7 53. Ra6+ Kf7 54. f4 Rd7 55. Kg5 Rd5+ 56. f5 Rd7 57. Rh6 Kg7 58. f6+ Kg8
59. Kg6 a5 60. Rh4 Rg7+ 61. Kf5 Rb7 62. Re4 Rb1 63. Re5 Kf7 64. Re7+ Kf8 65.
Ra7 Rf1+ 66. Ke6 Re1+ 67. Kd7 Kf7 68. Rxa5 Kxf6 69. Rd5 Re7+ 70. Kc6 Ra7 71. a5
Ke6 72. Rh5 Rg7 73. a6 Rg1 74. a7 1-0

[Event "FRA-chT"]
[Site "FRA"]
[Date "1996.??.??"]
[Round "?"]
[White "Bacrot, Etienne"]
[Black "Vaugeois, Stephane"]
[Result "1-0"]
[WhiteElo "2470"]
[BlackElo "2160"]
[PlyCount "57"]
[EventDate "1996.??.??"]
[Source "ChessBase"]

1. d4 Nf6 2. Nf3 g6 3. Bf4 Bg7 4. e3 O-O 5. Be2 d5 6. Nbd2 c5 7. c3 cxd4 8.
exd4 Nc6 9. h3 Nh5 10. Bh2 f5 11. Ne5 f4 12. Nd3 e5 13. dxe5 Nxe5 14. Nxe5 Bxe5
15. Bxh5 gxh5 16. Qxh5 Rf5 17. Qf3 b6 18. O-O Kh8 19. Rfe1 Bb7 20. Nb3 Qf6 21.
Nd4 Bxd4 22. cxd4 Qxd4 23. Re7 Ba6 24. g4 Rg8 25. Kh1 Bd3 26. Rd1 Be4 27. Rxe4
dxe4 28. Rxd4 exf3 29. gxf5 1-0

[Event "FRA-chT"]
[Site "FRA"]
[Date "1996.??.??"]
[Round "?"]
[White "Beghadi, Mourad"]
[Black "Brochet, Philippe"]
[Result "1/2-1/2"]
[WhiteElo "2205"]
[BlackElo "2275"]
[PlyCount "128"]
[EventDate "1996.??.??"]
[Source "ChessBase"]

1. e4 c5 2. Nf3 a6 3. c4 e6 4. Nc3 Nc6 5. g3 g6 6. Bg2 Bg7 7. O-O Nge7 8. d3
O-O 9. Be3 Nd4 10. Qd2 d6 11. Bh6 Nxf3+ 12. Bxf3 e5 13. Bxg7 Kxg7 14. Bg2 Rb8
15. f4 f6 16. Rf2 b5 17. Raf1 Qa5 18. fxe5 dxe5 19. Rxf6 Rxf6 20. Rxf6 Ng8 21.
Rf2 h6 22. Qe3 bxc4 23. dxc4 Be6 24. b3 Ne7 25. Qf3 Ng8 26. h3 Qd8 27. Nd5 Rb7
28. Qc3 Qd6 29. Rd2 Rd7 30. Rd3 Kf7 31. Bf1 Qb8 32. Kh2 Nf6 33. Rf3 Bxd5 34.
cxd5 Qd6 35. Qc2 Rb7 36. Bc4 Kg7 37. Qe2 a5 38. a4 Rb4 39. Rf2 Ne8 40. Qf3 Qe7
41. Qe3 Qd6 42. Bf1 Nf6 43. Bc4 Ne8 44. Rc2 Nf6 45. Rc3 Qe7 46. Rc2 Qd6 47. Rf2
Qf8 48. Kg2 Qe7 49. Qd3 Qd6 50. Qe3 h5 51. Qf3 Rb8 52. Re2 Rf8 53. Qc3 h4 54.
g4 Nh7 55. Qe3 Qf6 56. Re1 Qd6 57. Rf1 Rxf1 58. Bxf1 Qf6 59. Qf2 Qxf2+ 60. Kxf2
Kf6 61. Ke3 Ng5 62. Bg2 Nf7 63. Bf1 Nd6 64. Ba6 g5 1/2-1/2

[Event "FRA-chT"]
[Site "FRA"]
[Date "1996.??.??"]
[Round "?"]
[White "Beghadi, Mourad"]
[Black "Dubois, Martine"]
[Result "0-1"]
[WhiteElo "2205"]
[BlackElo "2050"]
[PlyCount "48"]
[EventDate "1996.??.??"]
[Source "ChessBase"]

1. e4 Nf6 2. e5 Nd5 3. d4 d6 4. c4 Nb6 5. f4 dxe5 6. fxe5 c5 7. Nf3 cxd4 8. c5
Nd5 9. Bb5+ Bd7 10. Bxd7+ Qxd7 11. O-O Nc6 12. e6 fxe6 13. b4 Ndxb4 14. Ng5 Qd5
15. Na3 Kd7 16. Re1 e5 17. Rb1 e6 18. Nf7 Bxc5 19. Nxh8 Rxh8 20. Qg4 Ne7 21.
Bd2 Nd3 22. Nc2 Nxe1 23. Nxe1 d3+ 24. Kh1 e4 0-1

[Event "FRA-chT"]
[Site "FRA"]
[Date "1996.??.??"]
[Round "?"]
[White "Beghadi, Mourad"]
[Black "Estival, Alain"]
[Result "1-0"]
[WhiteElo "2205"]
[BlackElo "2165"]
[PlyCount "112"]
[EventDate "1996.??.??"]
[Source "ChessBase"]

1. e4 g6 2. d4 Bg7 3. Ne2 c6 4. g3 d5 5. e5 Nh6 6. Bg2 f6 7. exf6 exf6 8. O-O
O-O 9. h3 Na6 10. Nd2 Nc7 11. Nf3 Bf5 12. Nh2 Nf7 13. g4 Bc8 14. Ng3 Nd6 15. f4
f5 16. g5 Ne4 17. Ne2 b6 18. Nf3 Ne6 19. h4 Ba6 20. Re1 Qd6 21. Ne5 Bxe2 22.
Rxe2 Rad8 23. Be3 c5 24. c3 cxd4 25. cxd4 Bxe5 26. dxe5 Qd7 27. Qb3 Kh8 28. Rd1
N6c5 29. Bxc5 bxc5 30. Qh3 Qf7 31. h5 Kg8 32. Bf3 c4 33. Rh2 Qg7 34. hxg6 hxg6
35. Kg2 Kf7 36. Bxe4 dxe4 37. Rhh1 Rd3 38. Rxd3 cxd3 39. Qe3 Kg8 40. Qd4 Re8
41. Qd5+ Kf8 42. Qd6+ Kg8 43. Rh6 Kf7 44. Kf2 Re6 45. Qd8 Re8 46. Qd5+ Kf8 47.
Qd6+ Kf7 48. Ke3 Re6 49. Qb8 Qg8 50. Qxa7+ Re7 51. Qb6 Re6 52. Qc7+ Re7 53. Qd6
Re6 54. Qd7+ Re7 55. e6+ Kf8 56. Qd8+ Re8 1-0

[Event "FRA-chT"]
[Site "FRA"]
[Date "1996.??.??"]
[Round "?"]
[White "Beghadi, Mourad"]
[Black "Mensch, Etienne"]
[Result "0-1"]
[WhiteElo "2205"]
[BlackElo "2270"]
[PlyCount "124"]
[EventDate "1996.??.??"]
[Source "ChessBase"]

1. e4 c5 2. Nf3 e6 3. d4 cxd4 4. Nxd4 Nf6 5. Bd3 a6 6. O-O Bc5 7. Nb3 Ba7 8. e5
Nd5 9. Qg4 g6 10. c4 Nb4 11. Bg5 Qc7 12. Bf6 Rg8 13. Be4 N4c6 14. Qg5 d6 15.
exd6 Qxd6 16. c5 Qc7 17. N1d2 h6 18. Qxh6 Nd7 19. Bc3 Bb8 20. Nc4 Qf4 21. Qxf4
Bxf4 22. Bxc6 bxc6 23. Rad1 Bc7 24. Nd6+ Ke7 25. Nc4 a5 26. Ncxa5 Nb8 27. Rfe1
f6 28. a3 g5 29. Nc4 e5 30. Nb6 Bxb6 31. cxb6 Ra6 32. Bb4+ Kf7 33. Bc5 Be6 34.
Nd2 Nd7 35. Ne4 Bd5 36. b7 Ke6 37. b4 Rd8 38. Nd6 Nb8 39. Ra1 Rxd6 40. Bxd6
Kxd6 41. Rac1 Rb6 42. Re3 Rxb7 43. Rh3 Nd7 44. Rh8 Ra7 45. Rc3 Nb6 46. h4 gxh4
47. Rxh4 Rg7 48. f3 Rg6 49. Kf2 f5 50. Rh8 f4 51. Rh1 Nc4 52. Rg1 Kc7 53. Rgc1
Ne3 54. g4 Rh6 55. Rxe3 fxe3+ 56. Kxe3 Rh3 57. Rf1 e4 58. Kd4 exf3 59. b5 Rg3
60. bxc6 Bxc6 61. Ke3 Rxg4 62. Rf2 Rg2 0-1

[Event "FRA-chT"]
[Site "FRA"]
[Date "1996.??.??"]
[Round "?"]
[White "Beikert, Guenther"]
[Black "Dorfman, Itzhak"]
[Result "0-1"]
[WhiteElo "2435"]
[BlackElo "2210"]
[PlyCount "128"]
[EventDate "1996.??.??"]
[Source "ChessBase"]

1. d4 Nf6 2. Bg5 Ne4 3. Bf4 c5 4. f3 Qa5+ 5. c3 Nf6 6. Nd2 cxd4 7. Nb3 Qb6 8.
Qxd4 Nc6 9. Qxb6 axb6 10. e4 d5 11. Bd3 e5 12. Bg5 Be6 13. Nd2 Nd7 14. exd5
Bxd5 15. a3 f6 16. Be3 Bc5 17. Bxc5 Nxc5 18. Bc2 O-O-O 19. O-O-O Be6 20. Ne2
Nd3+ 21. Bxd3 Rxd3 22. Ne4 Rd7 23. Rxd7 Kxd7 24. N2g3 Ke7 25. Nh5 f5 26. Nd2 g6
27. Ng3 Kf6 28. a4 Rc8 29. Kd1 Ne7 30. Ke2 Nd5 31. Rc1 Nf4+ 32. Kf1 Nd3 33. Rc2
Nc5 34. c4 Nxa4 35. Ke2 b5 36. b3 Nb6 37. Kd3 bxc4+ 38. bxc4 Na4 39. Ngf1 Nc5+
40. Ke2 f4 41. Rb2 Bf5 42. Rb5 Bd3+ 43. Kf2 Rc7 44. Rb6+ Rc6 45. Rb5 b6 46. Rb4
g5 47. Rb5 h5 48. g3 g4 49. Kg2 Rd6 50. h3 gxf3+ 51. Kxf3 Kf5 52. gxf4 exf4 53.
Kf2 Bxf1 54. Nxf1 Ke4 55. Rb1 Nd3+ 56. Ke2 f3+ 57. Kd2 Kf4 58. Rb5 Nc5+ 59. Ke1
h4 60. Rb1 Nd3+ 61. Kd2 Nf2+ 62. Kc2 Ne4 63. Rb3 f2 64. Nh2 Nd2 0-1

[Event "FRA-chT"]
[Site "FRA"]
[Date "1996.??.??"]
[Round "?"]
[White "Beikert, Guenther"]
[Black "Lopez, Jorge"]
[Result "1/2-1/2"]
[WhiteElo "2435"]
[BlackElo "2205"]
[PlyCount "106"]
[EventDate "1996.??.??"]
[Source "ChessBase"]

1. e4 d5 2. exd5 Qxd5 3. Nf3 Nf6 4. d4 Bg4 5. Be2 c6 6. h3 Bh5 7. O-O e6 8. c4
Qd8 9. Qb3 Qb6 10. Be3 Nbd7 11. Nc3 Be7 12. Rfd1 O-O 13. Qxb6 Nxb6 14. g4 Bg6
15. a4 Nbd7 16. a5 a6 17. Ne5 Rfd8 18. Nxg6 hxg6 19. Bf3 Ne8 20. Bg2 Rac8 21.
f4 Nb8 22. Na4 Rc7 23. d5 exd5 24. Bb6 d4 25. Rd3 Rdd7 26. Rad1 Rc8 27. Rxd4
Rxd4 28. Rxd4 Kf8 29. Bc5 Rc7 30. b4 Bxc5 31. Nxc5 Ke7 32. h4 Nd6 33. Bh3 f5
34. Nd3 fxg4 35. Bxg4 Nf5 36. Re4+ Kf6 37. h5 gxh5 38. Bxh5 Nd7 39. Bg4 g6 40.
Kf2 c5 41. b5 axb5 42. cxb5 c4 43. b6 Rc8 44. Ne5 Nxe5 45. fxe5+ Ke6 46. Be2 c3
47. Bc4+ Ke7 48. a6 c2 49. axb7 Rb8 50. Re1 Rxb7 51. Rc1 Rxb6 52. Rxc2 Rc6 53.
Bd3 Rxc2+ 1/2-1/2

[Event "FRA-chT"]
[Site "FRA"]
[Date "1996.??.??"]
[Round "?"]
[White "Belkhodja, Slim"]
[Black "Benitah, Yohan"]
[Result "1-0"]
[WhiteElo "2405"]
[BlackElo "2265"]
[PlyCount "101"]
[EventDate "1996.??.??"]
[Source "ChessBase"]

1. e4 e6 2. Qe2 c5 3. Nf3 Nc6 4. g3 g6 5. Bg2 Bg7 6. O-O d6 7. c3 Nge7 8. d4 e5
9. dxc5 dxc5 10. Rd1 Qc7 11. Na3 a6 12. Be3 b6 13. b4 O-O 14. bxc5 b5 15. Nc2
f5 16. exf5 gxf5 17. Bg5 Bb7 18. Rd6 Nc8 19. Rd2 N6e7 20. Rad1 Qxc5 21. Nxe5
Bxg2 22. Nd7 Qc6 23. Nxf8 Bf3 24. Qe6+ Qxe6 25. Nxe6 Bxd1 26. Rxd1 Bxc3 27. Ne3
Ra7 28. Nxf5 Nxf5 29. Rd8+ Kf7 30. Rxc8 b4 31. Nd8+ Kg6 32. h4 a5 33. Rc6+ Kg7
34. g4 Ne7 35. Rd6 a4 36. Be3 Nc8 37. Rc6 Ra8 38. Ne6+ Kf7 39. Nc7 Ra5 40. Kg2
Ne7 41. Rc4 b3 42. axb3 a3 43. Rxc3 a2 44. Bd4 h5 45. Rf3+ Kg8 46. Ne6 Ng6 47.
Rf6 Nxh4+ 48. Kg3 Rd5 49. Rf8+ Kh7 50. Rh8+ Kg6 51. Nf4+ 1-0

[Event "FRA-chT"]
[Site "FRA"]
[Date "1996.??.??"]
[Round "?"]
[White "Belkhodja, Slim"]
[Black "Miralles, Gilles"]
[Result "1/2-1/2"]
[WhiteElo "2405"]
[BlackElo "2480"]
[PlyCount "130"]
[EventDate "1996.??.??"]
[Source "ChessBase"]

1. d3 d5 2. Nd2 c5 3. e4 e6 4. Ngf3 Nc6 5. g3 Bd6 6. Bg2 Nge7 7. O-O O-O 8. Re1
Bc7 9. b3 Rb8 10. c3 b5 11. Bb2 c4 12. exd5 exd5 13. dxc4 bxc4 14. Ba3 cxb3 15.
axb3 Bd6 16. Bxd6 Qxd6 17. Ne4 Qc7 18. Nc5 a5 19. Nd4 Nd8 20. Nd3 Qxc3 21. Nf4
Qc5 22. Rc1 Qd6 23. Qd2 Ne6 24. Nfxe6 fxe6 25. Qxa5 Rb6 26. Re3 Bd7 27. Rce1
Ra6 28. Qd2 Nf5 29. Nxf5 Rxf5 30. Qd4 Qb6 31. Qb2 Ra5 32. Bh3 Rf6 33. Qe2 Rb5
34. Qd3 Rb4 35. Qc2 d4 36. Rd3 Qd6 37. Rd2 Bc6 38. Bg2 Bxg2 39. Kxg2 Qd5+ 40.
Qe4 Qxe4+ 41. Rxe4 Rxb3 42. Rexd4 Rb7 43. f4 Re7 44. Re4 Rf8 45. Rde2 Kf7 46.
Re5 g6 47. Kh3 Rb8 48. Kh4 h6 49. Kg4 Kf6 50. Rc5 Rb4 51. Kh3 g5 52. fxg5+ hxg5
53. Rf2+ Kg6 54. Re5 Rd4 55. Kg2 Rd5 56. Ree2 Rf5 57. Rf3 Rxf3 58. Kxf3 Kf5 59.
g4+ Kf6 60. Ke4 Rb7 61. Rg2 Ke7 62. Ra2 Rb4+ 63. Ke5 Rb5+ 64. Ke4 Rb4+ 65. Ke5
Rb5+ 1/2-1/2